00746nam a2200217 i 450000100060000000300090000600500170001500700030003200800410003510000250007624500930010125000150019426000320020930000360024170000230027770000240030070000330032485200320035799900170038995201220040635608ES-MaACL20230906155150.0t|030213s1970 sp ||||1| spa d1 aBowman, W. C.93115310aFarmacología / cW.C. Bowman, M.J. Rand, G.B. West ; versión... Hermenegildo Bedate. a[1ª ed.]. aBarcelona : bJims, c1970. aXIII, 984 p. : bil. ; c25 cm.1 aRand, M. J.9954001 aWest, G. B.91165421 aBedate, Hermenegildo.926989 aES-MaACLjC-37563 bR.72302 c35608d35608 00104070aATENEOMbATENEOMcDEPO2d2008-01-17eSCl0oC-37563p1037283r2023-02-23 00:00:00w2023-02-23yMONOGRAFIA